Find the Pairs of Rubber Duckies Quiz Stats

 Plays Quiz Updated Apr 23, 2018

Challenge
Share
Tweet
Score 0/20 Timer 04:00
4 Plays Today
% Correct
Bride & Groom
92.4%
Valentine's Duckies
92.1%
Santa & Rudolph
91.7%
Doctor & Patient
90.4%
Flower & Bee
90.3%
Punk Rockers
88.3%
Coffee & Donut
87.3%
Business Professionals
86.6%
King & Queen
85.8%
Sheep & Shepherd
84.3%
% Correct
Infants
84.1%
Cow & Bull
81.4%
Luke & Leia
80%
Monk & Nun
79.9%
Mary & Joseph
77.9%
Grandparents
75.8%
Baron & Baroness
73.7%
Easter Bunny & Egg
71.9%
Vikings
70.6%
Cat & Dog
69.5%

You're not logged in!

Compare scores with friends on all Sporcle quizzes.
OR
Log In

You Might Also Like...

Show Comments

Extras

Top Quizzes Today


Score Distribution

Your Account Isn't Verified!

In order to create a playlist on Sporcle, you need to verify the email address you used during registration. Go to your Sporcle Settings to finish the process.

Report this User

Report this user for behavior that violates our Community Guidelines.

Details: